| 000 | 00501nam a2200157 i 4500 | ||
|---|---|---|---|
| 001 | 102090 | ||
| 003 | ES-MaACL | ||
| 005 | 20230906183037.0 | ||
| 007 | t| | ||
| 008 | 051103s1917 ag ||||1| spa d | ||
| 110 | 2 |
_aUniversidad Nacional de La Plata. _97422 |
|
| 245 | 1 | 0 |
_aMemoria general correspondiente a los aƱos 1913, 1914 y 1915 / _cUniversidad Nacional de la Plata. |
| 260 |
_aBuenos Aires : _b[s.n.], _c1917 ( _fImp. de Bonihmos) |
||
| 300 |
_a284 p. ; _c26 cm. |
||
| 852 |
_aES-MaACL _jF-749 |
||
| 999 |
_c102090 _d102090 |
||